| 000 | 00635 a2200181 4500 | ||
|---|---|---|---|
| 020 | _a0471467928 | ||
| 040 |
_aDLC _bDLC |
||
| 082 | 0 | 0 | _a621.3845 |
| 100 | 1 | _aKumar, Vijay, | |
| 245 | 1 | 0 |
_aMobile database systems _cVijay Kumar |
| 260 |
_aHoboken, NJ : _bWiley-Interscience, _cc2006. |
||
| 300 |
_axxiv, 294 p. : _bill. ; _c25 cm. |
||
| 650 | 0 | _aMobile communication systems. | |
| 650 | 0 | _aMobile computing. | |
| 856 | 4 | 1 |
_3Table of contents only _uhttp://www.loc.gov/catdir/toc/ecip069/2006004830.html |
| 856 | 4 | 1 |
_3Publisher description _uhttp://www.loc.gov/catdir/enhancements/fy0653/2006004830-d.html |
| 942 |
_cBK _k621.3845 KUM _2ddc |
||
| 999 |
_c8390 _d8390 |
||